• 首页
  • 本馆介绍
  • 公告通知
  • 最新文献
  • 馆藏检索
  • 电子资源
  • 读者导购
  • 参考咨询
  • 我的图书馆
  • 登录
  • 详细信息显示
  • 放入我的书架
  • 预约/预借图书
  • 作者相关作品
  • 分类相关作品
  • 丛书相关作品
  • 出版社相关作品

书目信息

  • 表格格式
  • 工作单格式
  • 卡片格式
题名:
幼教工作三十年
    
 
作者: 信原良久 编著 ;张广仁 译
分册:  
出版信息: 北京   科学技术文献出版社  1982
页数: 184页
开本: 19cm
丛书名:
单 册:
中图分类: G617.313
科图分类:
主题词: 幼儿教育学
电子资源:
ISBN:
000 00839nam0 2200253 45
001 0182003810
005 20060810150337.67
010    @dCNY0.58
091    @a7176.2
100    @a19950415d1982 em y0chiy0121 ea
101 1  @achi@cjpn
102    @aCN@b110000
105    @af z 000yy
200 10 @a幼教工作三十年@Ayou jiao gong zuo san shi nian@e为了奔向二十一世纪的孩子们@f(日)信原良久编著@F(ri)xin yuan liang jiu bian zhu@g张广仁等译
210    @a北京@c科学技术文献出版社@d1982
215    @a184页@c照片@d19cm
517 1  @a为了奔向二十一世纪的孩子们@Awei le ben xiang er shi yi shi ji de hai zi men
606    @a幼儿教育学
690    @aG617.313
701  0 @a信原良久@Axin yuan liang jiu@4编著
702  0 @a张广仁@Azhang guang ren@4译
801  2 @aCN@bNLC@c20060810
801  0 @aCN@b上海图书馆@c20060802
905    @dG617.313@e20
    
    幼教工作三十年:为了奔向二十一世纪的孩子们/(日)信原良久编著/张广仁等译.-北京:科学技术文献出版社,1982
    184页:照片;19cm
    
    
    ISBN :CNY0.58
    
●
相关链接 在E读中查询图书 在五车中查询图书 在当当中查询图书 在豆瓣中查询图书


正题名:幼教工作三十年     索取号:G617.313/20         预约/预借

序号 登录号 条形码 馆藏地/架位号 状态 备注
1 0064329   000464866   密集书库/ [索取号:G617.313/20] 在馆    
2 0064330   202365779   密集书库/ [索取号:G617.313/20] 在馆    
3 0064331   000464928   第一样本阅览室/ [索取号:G617.313/20] 在馆    
4 0441752   204417522   密集书库/ [索取号:G617.313/20] 在馆    
5 0453948   204539482   密集书库/ [索取号:G617.313/20] 在馆    
唐山师范学院图书馆 欢迎您!
大连网信软件有限公司© 版权所有